000 005250000a22001690004500
041 0 _aSPA
082 0 4 _aG 262.4 C74889i
110 1 _aCELAM
245 1 0 _aII Conferencia general del episcopado latinoamericano. Iglesia y liberación humana : Los documentos de Medellín / Congreso Episcopal Latinoamericano
260 _aCuenca, Ecuador., : Don Bosco
300 _a261 Pag
001 7063
942 _cBK
999 _c37297
_d37297
336 _atexto
_btxt
_2rdacontent
337 _2rdamedia
_asin mediación
_bn
338 _2rdacarrier
_avolumen
_bnc